[Event "3rd Vergani Cup 2018"]
[Site "Montebelluna"]
[Date "2019.01.02"]
[Round "?"]
[White "Alok Sinha"]
[Black "Henderson de La Fuente, Lance"]
[Result "1-0"]
[WhiteElo "2187"]
[BlackElo "2484"]
[Annotator "TA"]
[PlyCount "45"]
[EventDate "2018.12.27"]
[EventType "swiss"]
[EventCountry "ITA"]

{[%evp 31,45,41,57,18,16,-68,-60,-144,-134,-170,134,120,644,656,643,648]} 1. e4 e5 2. Nf3 Nf6 3. Nxe5 d6 4. Nf3 Nxe4 5. d4 d5 6. Bd3 Nc6 7. O-O Be7 8. Re1 Bg4 9. c3 f5 10. Nbd2 O-O 11. Qb3 Na5 12. Qc2 Nc6 13. Qb3 Na5 14. Qa4 Nc6 {C42: Petroff Defence: 3 Nxe5 and unusual White 3rd moves} 15. Bb5 Nxd2 16. Nxd2 Rf6 {LiveBook: 3 Games. White is slightly better.} 17. Nf1 f4 18. g3 $146 (18. Qb3 $11) ({Predecessor:} 18. f3 Bxf3 19. gxf3 Rg6+ 20. Kh1 Bh4 21. Bxf4 Qf6 22. Qb3 {1-0 (43) Ernst,T (2447)-Vasilevich,T (2393) Copenhagen 2004}) 18... g5 $15 19. Qc2 (19. Qb3 $15) 19... Qd7 $17 20. Re5 {[#]} Bf3 $2 ({Inferior is} 20... Nxe5 21. Bxd7 Nxd7 22. a4 $14) ({Black should play} 20... Rf7 $1 $19 21. Qb3 Qc8 22. Bxc6 bxc6) 21. Nd2 $16 ({Much weaker is} 21. Rxg5+ $6 Kh8 $11) 21... Qh3 $4 {[%mdl 8192]} (21... Bg4 $16) 22. Rxg5+ $18 ({Weaker is} 22. Nxf3 Nxe5 23. dxe5 Rh6 $18) 22... Kh8 {[%csl Gf3][%cal Rh3g2]} 23. Nxf3 {Accuracy: White = 29%, Black = 43%.} 1-0

[Event "3rd Vergani Cup 2018"]
[Site "Montebelluna"]
[Date "2019.01.02"]
[Round "?"]
[White "Orfini, Nicolo`"]
[Black "Shyam, Sundar M."]
[Result "0-1"]
[WhiteElo "2156"]
[BlackElo "2509"]
[Annotator "TA"]
[PlyCount "58"]
[EventDate "2018.12.27"]
[EventType "swiss"]
[EventCountry "ITA"]

{[%evp 24,58,18,2,17,17,11,-29,17,-6,-6,-9,-7,-7,0,-29,0,-61,-61,-60,-44,-61,-80,-60,-62,-81,-74,-72,-77,-74,-67,-103,-75,-161,-145,-403,-421]} 1. e4 e5 2. Nf3 Nc6 3. Bb5 g6 4. c3 a6 5. Ba4 Bg7 6. O-O Nge7 7. d4 exd4 8. cxd4 b5 {C60: Ruy Lopez: Unusual Black 3rd moves and 3...g6} 9. Bb3 O-O 10. Nc3 d6 11. h3 Bb7 (11... Na5 12. Bc2 c5 13. dxc5 dxc5 14. Qxd8 Rxd8 {0-1 (65) Vachier Lagrave,M (2789)-Mamedyarov,S (2808) Leuven 2018}) 12. Bf4 Na5 {[%cal Bc6a5,Ba5c4,Bc4a3][%mdl 32]} 13. Bc2 {LiveBook: 17 Games} Nc4 14. b3 $146 Na3 15. Rc1 c5 16. Be3 Rc8 {Threatening ...cxd4.} 17. Bd3 c4 18. bxc4 Nxc4 19. Bg5 h6 20. Bh4 ({Better is} 20. Bxe7 $11 Qxe7 21. Re1) 20... Nb2 $15 21. Qe2 Nxd3 22. Qxd3 g5 $36 {[%mdl 2048] Keeping White busy.} 23. Bg3 f5 24. exf5 Nxf5 25. Ne4 Rxc1 26. Rxc1 Bd5 27. Ned2 Qd7 28. Qc3 (28. a3 $17 {might work better.}) 28... h5 $19 {[%cal Bh6h5,Bh5h4][%mdl 32] [#] Strongly threatening ...g4.} 29. Kh2 $2 {[%mdl 8192]} (29. Qd3 $17 {is a better defense.}) 29... h4 {Precision: White = 14%, Black = 58%.} 0-1

[Event "3rd Vergani Cup 2018"]
[Site "Montebelluna"]
[Date "2019.01.02"]
[Round "?"]
[White "Orfini, Nicolo`"]
[Black "Gallana, Marco"]
[Result "1/2-1/2"]
[WhiteElo "2156"]
[BlackElo "2247"]
[PlyCount "57"]
[EventDate "2018.12.27"]
[EventType "swiss"]
[EventCountry "ITA"]
[TimeControl "5400+30"]
[WhiteClock "0:02:15"]
[BlackClock "0:01:27"]

1. e4 {[%emt 0:19:15]} c5 {[%emt 0:00:00]} 2. c3 {[%emt 0:00:11]} d5 {[%emt 0:00:33]} 3. exd5 {[%emt 0:00:05]} Nf6 {[%emt 0:00:10]} 4. d4 {[%emt 0:00:07]} Nxd5 {[%emt 0:00:17]} 5. Nf3 {[%emt 0:00:06]} e6 {[%emt 0:00:23]} 6. Bd3 {[%emt 0:00:15]} cxd4 {[%emt 0:00:39]} 7. cxd4 {[%emt 0:00:18]} Bb4+ {[%emt 0:00:31]} 8. Bd2 {[%emt 0:01:20]} Bxd2+ {[%emt 0:00:41]} 9. Qxd2 {[%emt 0:00:11]} Nc6 {[%emt 0:02:49]} 10. O-O {[%emt 0:01:43]} O-O {[%emt 0:00:39]} 11. Nc3 {[%emt 0:01:55]} Nce7 {[%emt 0:02:16]} 12. Rfe1 {[%emt 0:13:37]} b6 {[%emt 0:01:22]} 13. Re5 {[%emt 0:02:23]} Bb7 {[%emt 0:14:41]} 14. Nxd5 {[%emt 0:13:36]} Bxd5 {[%emt 0:13:54]} 15. Rh5 {[%emt 0:11:00]} Ng6 {[%emt 0:03:14]} 16. Ne5 {[%emt 0:02:28]} Qf6 {[%emt 0:08:44]} 17. Qe3 {[%emt 0:14:18]} Rfd8 {[%emt 0:14:46]} 18. a3 {[%emt 0:01:34]} Rac8 {[%emt 0:03:15]} 19. Ng4 {[%emt 0:06:22]} Qe7 {[%emt 0:15:06]} 20. Re1 {[%emt 0:00:22]} Qc7 {[%emt 0:03:24]} 21. Ne5 {[%emt 0:01:12]} Qe7 {[%emt 0:13:06]} 22. f4 {[%emt 0:02:19]} Qf6 {[%emt 0:00:00]} 23. Rf1 {[%emt 0:02:58]} Bb7 {[%emt 0:00:00]} 24. Bb1 {[%emt 0:04:25]} Ba6 {[%emt 0:01:30]} 25. Bd3 {[%emt 0:00:00]} Bxd3 {[%emt 0:00:00]} 26. Qxd3 {[%emt 0:00:00]} h6 {[%emt 0:00:00]} 27. Qe4 {[%emt 0:00:00]} Nxe5 {[%emt 0:00:00]} 28. fxe5 {[%emt 0:00:00]} Qg6 {[%emt 0:00:00]} 29. Qxg6 {[%emt 0:01:03]} 1/2-1/2